| 000 | 00432cam a2200181ua 4500 | ||
|---|---|---|---|
| 001 | 11138 | ||
| 008 | 190829n ii |||gr||||Z||||||eng | ||
| 020 | _a9789386053701 | ||
| 040 | _cMAIN | ||
| 041 | _aeng | ||
| 082 | _a305.3 | ||
| 100 |
_aVani Prabhakar, _eAuthor. |
||
| 245 |
_aGender and society _cBy Vani Prabhakar |
||
| 260 |
_aNew Delhi: _bWisdom press, _c2018. |
||
| 300 | _a201p. | ||
| 653 | _aSocial groups | ||
| 942 | _cBK | ||
| 999 |
_c10001 _d10001 |
||